000 00926nam a2200289.c 4500
999 _c51391
_d51391
001 51391
003 ES-MaCES
005 20191121141733.0
008 191121s20 sp ||||| |||| ||||||spa|d
040 _aES-MaCES
_bspa
_cES-MaCES
245 0 0 _aEncuesta de hábitos de consumo 2019
_cMPAC, Mesa [de] Participación Asociaciones de Consumidores
260 _a[Madrid]
_bMPAC
_c[2019]
300 _a110 p.
_bgráf., mapas col.
_c30 cm
650 4 _927907
_aconsumo
650 4 _927902
_aconsumidor
650 4 _927903
_acomportamiento del consumidor
650 4 _927904
_ademanda de consumo
650 4 _929385
_aestilo de vida
650 4 _926964
_aEspaña
650 4 _930768
_aComunidades Autónomas
650 4 _939571
_a2019
650 4 _928856
_aencuesta
653 1 0 _aConsumo
710 2 2 _939665
_aMesa de Participación Asociaciones de Consumidores
902 _aDOC Literatura gris
942 _2CES
_cBK
_h3.2.